000 00691nam a22002057a 4500
999 _c3200
_d3200
003 AR-CdUCM
008 190306b ||||| |||| 00| 0 spa d
040 _aMUNICIPALIDAD PROVINCIAL DEL CUSCO
_cBIBLIOTECA MUNICIPAL DEL CUSCO
082 _a353.44 /
_bP66
110 _aMinisterio de educación pública
_96342
245 _aPlanes y programas de estudios para la educación secundaria comercial /
260 _aLima :
_bMinisterio de educación,
_c1967.
300 _a246 páginas ;
_c22 cm.
505 _aContenido: t.1: planteles diurnos.
650 _aEducación comercial
_910743
650 _aPlanes y programas
_93592
650 _aPerú
_935
942 _2ddc
_cLIBROS
945 _azta